000 01159cam a2200169 4500500
005 20260111105858.0
041 _afre
042 _adc
100 1 0 _aRovere, Maxime
_eauthor
245 0 0 _aBrésil : (dés)illusions démocratiques
260 _c2019.
500 _a90
520 _aLe film délicat et discret de Debra Granik, sur un père et sa fille vivant retirés dans une forêt, éclaire l’Amérique des marges. Il montre, dans une esthétique réaliste et poétique, les rapports de soin pour les êtres proches et la nature, la tentation de la fuite, l’inquiétude, l’émancipation et l’espoir d’une Amérique meilleure.
520 _aThe delicate and discreet movie by Debra Granik, about a father living with his daughter isolated in a forest, illuminatesAmerica’s margins. In a realistic and poetic style, it shows relationships based on care for relatives and nature, the temptation to escape, the disquiet, the emancipation and the hope for a better America.
786 0 _nEsprit | Mars | 3 | 2019-02-28 | p. 35-39 | 0014-0759
856 4 1 _uhttps://shs.cairn.info/revue-esprit-2019-3-page-35?lang=fr&redirect-ssocas=7080
999 _c1631511
_d1631511